000 00617nam a2200241Ia 4500
003 OSt
005 20221005092058.0
006 a|||||r|||| 00| 0
007 ta
008 221004b |||||||| |||| 00| 0 eng d
024 _a31164
037 _cTextual
040 _aCRL
_cCRL
_beng
041 _2eng
_aeng
082 _a3, M5
100 _aSandmah Peter M
_9616856
245 0 _aScientific and technical writing
260 _aNew York
_bRinehert and Winstom
_c1985
300 _a450p
_ccm.
650 _aBOOK INDUSTRY
942 _h3, M5
_cTEXL
_2cc
999 _c998299
_d998299